000
00273nam a2200133Ia 4500
100
_a
Hopkins Gerald L
942
_c
BK
654
_a
ISDN
245
_a
ISDN Literacy Book
260
_b
Addison Wesly
_a
New york
_c
1994
300
_a
367
546
_a
ENGLISH
999
_c
29108
_d
29108